Guess My Favourite Authors - Statistics

General Stats
  • This quiz has been taken 60 times
  • The average score is 6 of 12
Answer Stats
Hint Answer % Correct
Oxford professor; creator of Middle-earth J. R. R. Tolkien
91%
Author of The Chronicles of Narnia C. S. Lewis
87%
Author of Jane Eyre; sister of the above Charlotte Brontë
78%
Creator of Sherlock Holmes Sir Arthur Conan Doyle
78%
Author of Pride and Prejudice; Regency-era novelist Jane Austen
74%
“Queen of Crime”; creator of Hercule Poirot Agatha Christie
70%
Author of Wuthering Heights Emily Brontë
70%
Creator of Jeeves and Wooster P. G. Wodehouse
26%
Writer of The Father Brown stories G. K. Chesterton
22%
Creator of Lord Peter Wimsey Dorothy Sayers
9%
Author of the Brother Cadfael medieval mystery series Ellis Peters
9%
Regency romance novelist; author of The Grand Sophy Georgette Heyer
9%
No matching quizzes found
Score Distribution
Percent of People with Each Score
Percentile by Number Answered
Your Score History
You have not taken this quiz